[Event "Iberoamerican-ch 9th"]
[Site "Panama City"]
[Date "2023.11.29"]
[Round "6"]
[White "Ticona Rocabado, Licael Roderick"]
[Black "Pilarte, Mario"]
[Result "1-0"]
[WhiteElo "2412"]
[BlackElo "1800"]
[PlyCount "87"]
[EventDate "2023.11.25"]
[EventType "swiss"]
[EventRounds "9"]
[EventCountry "PAN"]
[SourceTitle "CB49_2023"]
[SourceDate "2023.12.06"]
[SourceVersion "1"]
[SourceVersionDate "2023.12.06"]
[SourceQuality "1"]

1. d4 Nf6 2. c4 g6 3. Nc3 Bg7 4. e4 d6 5. Nf3 0-0 6. Be2 e5 7. 0-0 Nc6 8. d5 Ne7 9. b4 Nh5 10. c5 Nf4 11. Bxf4 exf4 12. Rc1 Bg4 13. Qd2 Bxf3 14. Bxf3 Be5 15. Nb5 g5 16. Bg4 h5 17. Bxh5 Kg7 18. Qe2 a6 19. Na3 Rh8 20. Nc4 Ng6 21. h3 Qf6 22. Bxg6 Kxg6 23. cxd6 cxd6 24. Nxe5+ Qxe5 25. Rc7 Rh4 26. f3 Qd4+ 27. Kh2 Qe5 28. Qe1 Qb2 29. Rf2 Qe5 30. Rfc2 Rah8 31. Qc3 Qe8 32. Rc8 Qxc8 33. Qxc8 Rxc8 34. Rxc8 f5 35. Rg8+ Kf6 36. Rf8+ Ke5 37. Rxf5+ Kd4 38. Rf6 Kc4 39. Rxd6 Kxb4 40. Rb6+ Ka3 41. Rxb7 Kxa2 42. d6 Rh6 43. e5 Re6 44. d7 1-0

[Event "Managua Arellano Memorial"]
[Site "Managua"]
[Date "2023.08.06"]
[Round "9"]
[White "Vallecillo, Saul"]
[Black "Pilarte, Mario"]
[Result "1-0"]
[WhiteElo "1893"]
[BlackElo "1848"]
[PlyCount "99"]
[EventDate "2023.07.22"]
[EventType "swiss"]
[EventRounds "9"]
[EventCountry "NCA"]
[SourceTitle "EXT 2024"]
[Source "ChessBase"]
[SourceDate "2023.10.10"]
[SourceVersion "1"]
[SourceVersionDate "2023.10.10"]
[SourceQuality "1"]

1. e4 c5 2. c3 Nf6 3. e5 Nd5 4. d4 cxd4 5. Nf3 Nc6 6. Nxd4 Nxd4 7. Qxd4 e6 8. Nd2 d6 9. exd6 Qxd6 10. Bb5+ Bd7 11. Nc4 Qc7 12. Bxd7+ Qxd7 13. Ne5 Qc7 14. Qa4+ Kd8 15. Qd4 f6 16. Nf3 Bc5 17. Qd1 Ke7 18. 0-0 Rad8 19. Qe2 Kf7 20. Qe4 Qc6 21. Qh4 Ne7 22. Qf4 Ng6 23. Qg3 Rhf8 24. Nh4 Nxh4 25. Qxh4 Kg8 26. Qg3 Bd6 27. Bf4 Bxf4 28. Qxf4 e5 29. Qe3 Qa4 30. b3 Qa5 31. c4 Rd4 32. Qe1 Rd2 33. b4 Qxb4 34. Rb1 Qd6 35. Rxb7 Rxa2 36. Qb1 Qa6 37. Qe4 Rd8 38. Rfb1 f5 39. Qh4 Qd6 40. Qh5 Qg6 41. Qh4 Qd6 42. h3 e4 43. c5 Qd4 44. c6 Ra1 45. Qxd8+ Qxd8 46. Rxa1 Qd4 47. Rab1 e3 48. fxe3 Qxe3+ 49. Kh1 f4 50. c7 1-0

[Event "Managua Arellano Memorial"]
[Site "Managua"]
[Date "2023.07.29"]
[Round "4"]
[White "Pilarte, Mario"]
[Black "Gallo, Felix"]
[Result "1/2-1/2"]
[WhiteElo "1848"]
[BlackElo "1652"]
[PlyCount "91"]
[EventDate "2023.07.22"]
[EventType "swiss"]
[EventRounds "9"]
[EventCountry "NCA"]
[SourceTitle "EXT 2024"]
[Source "ChessBase"]
[SourceDate "2023.10.10"]
[SourceVersion "1"]
[SourceVersionDate "2023.10.10"]
[SourceQuality "1"]

1. e4 c5 2. Nf3 d6 3. d4 cxd4 4. Nxd4 Nf6 5. Nc3 a6 6. Bc4 e6 7. Bb3 Be7 8. Be3 Nc6 9. Qe2 Qc7 10. 0-0-0 Na5 11. g4 Nxb3+ 12. axb3 b5 13. g5 Nd7 14. Qh5 Nb6 15. g6 fxg6 16. Qg4 b4 17. Nce2 e5 18. Ne6 Bxe6 19. Qxe6 Qd7 20. Qxd7+ Nxd7 21. Kd2 0-0 22. Ng3 Rfc8 23. h4 Nf6 24. Bg5 Rc6 25. f3 Rac8 26. Rc1 Kf7 27. Kd3 Ke6 28. Bd2 a5 29. c3 d5 30. Ra1 dxe4+ 31. Nxe4 Rd8+ 32. Ke2 Nxe4 33. fxe4 bxc3 34. Bxc3 Bb4 35. Bxb4 axb4 36. Rhc1 Rcd6 37. Rc2 R8d7 38. Ra4 Rd4 39. Ra6+ Ke7 40. Ke3 Rd3+ 41. Ke2 Rxb3 42. Ra5 Ke6 43. Ra6+ Rd6 44. Ra7 Rd7 45. Ra6+ Ke7 46. Ra5 1/2-1/2

[Event "Managua Arellano Memorial"]
[Site "Managua"]
[Date "2023.07.23"]
[Round "3"]
[White "Pilarte Castro, Rene Ozmar"]
[Black "Pilarte, Mario"]
[Result "1/2-1/2"]
[WhiteElo "1583"]
[BlackElo "1848"]
[PlyCount "47"]
[EventDate "2023.07.22"]
[EventType "swiss"]
[EventRounds "9"]
[EventCountry "NCA"]
[SourceTitle "EXT 2024"]
[Source "ChessBase"]
[SourceDate "2023.10.10"]
[SourceVersion "1"]
[SourceVersionDate "2023.10.10"]
[SourceQuality "1"]

1. d4 b6 2. c4 Bb7 3. Nc3 Nf6 4. Nf3 e6 5. Bg5 Be7 6. Qc2 h6 7. Bh4 d6 8. e4 Nbd7 9. Bd3 0-0 10. 0-0 e5 11. Bxf6 Bxf6 12. dxe5 Nxe5 13. Nxe5 dxe5 14. Nd5 Bxd5 15. exd5 Qd6 16. Rad1 a5 17. b3 a4 18. Rfe1 axb3 19. axb3 Ra3 20. Ra1 Rxa1 21. Rxa1 Kh8 22. Kh1 Kg8 23. Kg1 Kh8 24. Kh1 1/2-1/2

[Event "Managua Arellano Memorial"]
[Site "Managua"]
[Date "2023.07.22"]
[Round "1"]
[White "Vasquez, Jose Luis"]
[Black "Pilarte, Mario"]
[Result "1/2-1/2"]
[WhiteElo "1718"]
[BlackElo "1848"]
[PlyCount "123"]
[EventDate "2023.07.22"]
[EventType "swiss"]
[EventRounds "9"]
[EventCountry "NCA"]
[SourceTitle "EXT 2024"]
[Source "ChessBase"]
[SourceDate "2023.10.10"]
[SourceVersion "1"]
[SourceVersionDate "2023.10.10"]
[SourceQuality "1"]

1. d4 Nf6 2. Nf3 g6 3. g3 Bg7 4. Bg2 d6 5. c4 0-0 6. Nc3 Nbd7 7. Bg5 h6 8. Bd2 e5 9. 0-0 exd4 10. Nxd4 Ne5 11. Qb3 Re8 12. Rad1 Nfd7 13. Nd5 Nb6 14. Ne3 Nexc4 15. Nxc4 Bxd4 16. Nxb6 axb6 17. Bd5 Qf6 18. Bxh6 Be6 19. Bxe6 Rxe6 20. Bc1 Rxe2 21. Be3 Bxe3 22. fxe3 Qe6 23. Qxe6 fxe6 24. Rf6 Rf8 25. Rxg6+ Kh7 26. Rxe6 Rff2 27. Re7+ Kg6 28. Rxc7 Rg2+ 29. Kf1 Ref2+ 30. Ke1 Rxb2 31. Kf1 Rxh2 32. Kg1 Rbg2+ 33. Kf1 Rxa2 34. Kg1 Rhg2+ 35. Kf1 Raf2+ 36. Ke1 Rf6 37. Rxb7 Rxg3 38. Rxb6 Rxe3+ 39. Kd2 Re5 40. Kc3 Rc5+ 41. Kb2 d5 42. Rg1+ Kf7 43. Rb7+ Kf8 44. Rh1 Rf2+ 45. Kb3 Rf3+ 46. Kb2 Kg8 47. Rc1 Rf2+ 48. Kb1 Rxc1+ 49. Kxc1 Kf8 50. Kd1 Ke8 51. Rh7 Rf7 52. Rh5 Rd7 53. Kd2 Kd8 54. Kd3 Kc7 55. Kd4 Kc6 56. Rh6+ Rd6 57. Rh8 Rg6 58. Rh4 Rg5 59. Rh6+ Kd7 60. Rh7+ Ke6 61. Rh6+ Kf7 62. Rd6 1/2-1/2

[Event "NCA-ch sf"]
[Site "Managua"]
[Date "2023.02.12"]
[Round "8.5"]
[White "Vanegas Lopez, Natanael Emanuel"]
[Black "Pilarte, Mario"]
[Result "1/2-1/2"]
[WhiteElo "1889"]
[BlackElo "1828"]
[PlyCount "35"]
[EventDate "2023.01.28"]
[EventType "swiss"]
[EventRounds "9"]
[EventCountry "NCA"]
[SourceTitle "CBM 213 Extra"]
[Source "ChessBase"]
[SourceDate "2023.05.31"]
[SourceVersion "1"]
[SourceVersionDate "2023.05.31"]
[SourceQuality "1"]

1. d4 Nf6 2. c4 g6 3. Nc3 Bg7 4. e4 d6 5. Nf3 0-0 6. Be2 e5 7. dxe5 dxe5 8. Qxd8 Rxd8 9. Bg5 Re8 10. Nd5 Nxd5 11. cxd5 c6 12. Bc4 cxd5 13. Bxd5 Nd7 14. 0-0 h6 15. Bh4 Nb6 16. Bb3 Be6 17. Rac1 Bxb3 18. axb3 1/2-1/2

[Event "NCA-ch sf"]
[Site "Managua"]
[Date "2023.02.11"]
[Round "7.9"]
[White "Pilarte, Mario"]
[Black "Acosta, Kenner"]
[Result "1-0"]
[WhiteElo "1828"]
[BlackElo "1879"]
[PlyCount "47"]
[EventDate "2023.01.28"]
[EventType "swiss"]
[EventRounds "9"]
[EventCountry "NCA"]
[SourceTitle "CBM 213 Extra"]
[Source "ChessBase"]
[SourceDate "2023.05.31"]
[SourceVersion "1"]
[SourceVersionDate "2023.05.31"]
[SourceQuality "1"]

1. e4 e6 2. d4 d5 3. Nd2 dxe4 4. Nxe4 Bd7 5. Nf3 Bc6 6. Bd3 Nd7 7. 0-0 Ngf6 8. Neg5 h6 9. Nxe6 fxe6 10. Bg6+ Ke7 11. c4 Bxf3 12. Qxf3 c6 13. Re1 Qa5 14. b4 Qa6 15. Rxe6+ Kd8 16. b5 Qa4 17. bxc6 Qxc4 18. cxb7 Rb8 19. Rc6 Qxd4 20. Rb1 Qd5 21. Bf4 Qxf3 22. gxf3 Rxb7 23. Rxb7 Bc5 24. Rxc5 1-0

[Event "NCA-ch sf"]
[Site "Managua"]
[Date "2023.01.28"]
[Round "1.20"]
[White "Pilarte, Mario"]
[Black "Munoz Cortez, Anahi Alexandra"]
[Result "1-0"]
[WhiteElo "1828"]
[BlackElo "1311"]
[PlyCount "63"]
[EventDate "2023.01.28"]
[EventType "swiss"]
[EventRounds "9"]
[EventCountry "NCA"]
[SourceTitle "CBM 213 Extra"]
[Source "ChessBase"]
[SourceDate "2023.05.31"]
[SourceVersion "1"]
[SourceVersionDate "2023.05.31"]
[SourceQuality "1"]

1. e4 e5 2. Nf3 Nc6 3. Nc3 Bc5 4. Nxe5 Bxf2+ 5. Kxf2 Nxe5 6. d4 Qf6+ 7. Kg1 Ng4 8. Qd2 Ne7 9. h3 Nh6 10. Be2 Nc6 11. Nb5 Kd8 12. Kh2 a6 13. Rf1 Qe7 14. Nc3 Qd6+ 15. e5 Qxd4 16. Qg5+ Ke8 17. Qxg7 Qxe5+ 18. Qxe5+ Nxe5 19. Bxh6 c6 20. Bg7 Ng6 21. Bxh8 Nxh8 22. Rae1 Kf8 23. Bd3 Ng6 24. Bxg6 hxg6 25. Ne4 d5 26. Nd6 f5 27. Re8+ Kg7 28. Rfe1 f4 29. R1e7+ Kf6 30. h4 g5 31. h5 Bg4 32. Rf7# 1-0

[Event "American Continental 16th"]
[Site "San Salvador"]
[Date "2022.05.05"]
[Round "5"]
[White "Villalta, Diego"]
[Black "Pilarte, Mario"]
[Result "1/2-1/2"]
[WhiteElo "1438"]
[BlackElo "1858"]
[PlyCount "101"]
[EventDate "2022.05.02"]
[EventType "swiss"]
[EventRounds "11"]
[EventCountry "ESA"]
[SourceTitle "CBM 208 Extra"]
[Source "ChessBase"]
[SourceDate "2022.07.31"]
[SourceVersion "1"]
[SourceVersionDate "2022.07.31"]
[SourceQuality "1"]

1. e4 c5 2. Nf3 Nc6 3. Bb5 d6 4. d4 cxd4 5. Qxd4 Bd7 6. Qd3 Nf6 7. c4 a6 8. Bxc6 Bxc6 9. Nc3 g6 10. 0-0 Bg7 11. Nd4 Rc8 12. f3 0-0 13. Be3 Nd7 14. b3 Ne5 15. Qd2 Re8 16. Rac1 Qa5 17. Qe2 Bd7 18. Rfd1 Nc6 19. Nd5 Nxd4 20. Bxd4 Bxd4+ 21. Rxd4 Bc6 22. b4 Qd8 23. c5 Bxd5 24. Rxd5 Qc7 25. Rc3 Red8 26. Qc2 e6 27. Rdd3 d5 28. exd5 exd5 29. Qd2 Qe5 30. Rd4 Rd7 31. Re3 Qf5 32. g4 Qf6 33. Red3 Rcd8 34. Rxd5 Rxd5 35. Rxd5 Rxd5 36. Qxd5 Qa1+ 37. Kg2 Qb2+ 38. Kh3 Qxb4 39. g5 Qb2 40. a4 Kg7 41. f4 Qc3+ 42. Kg4 Qb2 43. Qe5+ Qxe5 44. fxe5 Kf8 45. Kf4 Ke7 46. Ke4 Ke6 47. h3 Ke7 48. Kd5 Kd7 49. h4 Kc7 50. Kd4 Kc6 51. Kc4 1/2-1/2

[Event "American Continental 16th"]
[Site "San Salvador"]
[Date "2022.05.03"]
[Round "2"]
[White "Pilarte, Mario"]
[Black "Fernandez, Denis"]
[Result "1/2-1/2"]
[WhiteElo "1858"]
[BlackElo "1605"]
[PlyCount "88"]
[EventDate "2022.05.02"]
[EventType "swiss"]
[EventRounds "11"]
[EventCountry "ESA"]
[SourceTitle "EXT 2023"]
[Source "ChessBase"]
[SourceDate "2022.10.05"]
[SourceVersion "1"]
[SourceVersionDate "2022.10.05"]
[SourceQuality "1"]

1. e4 e5 2. Nf3 Nf6 3. Nc3 Nc6 4. d4 exd4 5. Nxd4 Bb4 6. Nxc6 Bxc3+ 7. bxc3 bxc6 8. Bd3 0-0 9. 0-0 Re8 10. Bg5 h6 11. Bh4 Qe7 12. Re1 Qe5 13. Qd2 d6 14. Bg3 Qh5 15. f3 Nh7 16. Kh1 Re6 17. Re2 Rg6 18. Kg1 Qc5+ 19. Bf2 Qg5 20. Be3 Qe7 21. e5 Re6 22. exd6 cxd6 23. Rae1 Nf6 24. Bf5 Re5 25. Bxc8 Rxc8 26. Bf4 Rxe2 27. Rxe2 Qb7 28. Qxd6 Nd5 29. c4 Nxf4 30. Qxf4 Qb6+ 31. Qe3 Qb1+ 32. Kf2 Qxa2 33. Qb3 Qa5 34. Qd3 Qb6+ 35. Qe3 Qb8 36. Qe5 Qb6+ 37. c5 Qb7 38. Qd6 a5 39. Re7 Qa8 40. Qf4 Rf8 41. Qa4 Rd8 42. Qf4 Rf8 43. Qa4 Rd8 44. Qf4 Rf8 1/2-1/2

[Event "NCA-ch sf"]
[Site "Managua"]
[Date "2022.02.20"]
[Round "6"]
[White "Pilarte, Mario"]
[Black "Velasquez, Rommel"]
[Result "1-0"]
[WhiteElo "1793"]
[BlackElo "1921"]
[PlyCount "61"]
[EventDate "2022.02.12"]
[EventType "swiss"]
[EventRounds "9"]
[EventCountry "NCA"]
[SourceTitle "EXT 2023"]
[Source "ChessBase"]
[SourceDate "2022.10.05"]
[SourceVersion "1"]
[SourceVersionDate "2022.10.05"]
[SourceQuality "1"]

1. d4 d5 2. Nf3 Nf6 3. g3 g6 4. Bg2 Bg7 5. 0-0 0-0 6. Nbd2 c6 7. b3 a5 8. a4 Na6 9. Bb2 Bf5 10. Ne5 Nd7 11. Nxd7 Qxd7 12. e4 dxe4 13. Nxe4 Rfd8 14. c3 Qc7 15. Qe2 Be6 16. Qc2 Bd5 17. Rfe1 e5 18. dxe5 Bxe5 19. Rad1 Bxe4 20. Qxe4 Rxd1 21. Rxd1 Nc5 22. Qc4 Qb6 23. Re1 Bf6 24. Ba3 Nxb3 25. Qf4 Kg7 26. Rb1 Rd8 27. Bf1 g5 28. Qf5 Rd5 29. Qc2 Qd8 30. Qxb3 Rd2 31. Bc5 1-0

[Event "NCA-ch sf"]
[Site "Managua"]
[Date "2022.02.12"]
[Round "1"]
[White "Pilarte, Mario"]
[Black "Gomez Baltodano, David"]
[Result "1-0"]
[WhiteElo "1793"]
[BlackElo "2024"]
[PlyCount "123"]
[EventDate "2022.02.12"]
[EventType "swiss"]
[EventRounds "9"]
[EventCountry "NCA"]
[SourceTitle "EXT 2023"]
[Source "ChessBase"]
[SourceDate "2022.10.05"]
[SourceVersion "1"]
[SourceVersionDate "2022.10.05"]
[SourceQuality "1"]

1. d4 d5 2. Nf3 e6 3. g3 c5 4. e3 Nc6 5. Bg2 Nf6 6. 0-0 Qb6 7. b3 cxd4 8. exd4 Be7 9. Bb2 Bd7 10. Nbd2 Na5 11. Ne5 Rc8 12. Re1 Bb5 13. Rc1 0-0 14. Qf3 Bc6 15. Nxc6 Nxc6 16. c3 a5 17. Bf1 a4 18. Bd3 Rc7 19. g4 a3 20. Ba1 g6 21. Rcd1 Kg7 22. Qg3 Rd7 23. Nf3 Qc7 24. Qxc7 Rxc7 25. h3 h5 26. g5 Nd7 27. h4 Bd6 28. c4 Nb4 29. c5 Bf4 30. Bb1 b5 31. Bc3 Nc6 32. b4 Ra7 33. Bd3 Rb8 34. Rb1 Rbb7 35. Rb3 Ndb8 36. Kf1 Ra4 37. Bc2 Na6 38. Reb1 f6 39. gxf6+ Kxf6 40. Ke2 Rg7 41. Bd3 Nc7 42. Bd2 Bxd2 43. Kxd2 Rg8 44. Kc3 Rf8 45. Rg1 Ke7 46. Rg3 Na6 47. Bxb5 Ncxb4 48. Bxa4 Nxa2+ 49. Kc2 N2b4+ 50. Kb1 a2+ 51. Ka1 Ra8 52. Ne1 Rb8 53. Rxg6 Kf7 54. Rg5 Kf6 55. Rxh5 Rg8 56. Rf3+ Ke7 57. Rg5 Rh8 58. Rg7+ Kd8 59. h5 e5 60. Nc2 exd4 61. Nxd4 Nxc5 62. Nc6+ 1-0

[Event "NCA-ch Fase 2"]
[Site "Managua"]
[Date "2022.01.23"]
[Round "3"]
[White "Vanegas Lopez, Natanael Emanuel"]
[Black "Pilarte, Mario"]
[Result "1-0"]
[WhiteElo "1882"]
[BlackElo "1808"]
[PlyCount "133"]
[EventDate "2022.01.22"]
[EventType "swiss"]
[EventRounds "9"]
[EventCountry "NCA"]
[SourceTitle "CBM 207 Extra"]
[Source "ChessBase"]
[SourceDate "2022.05.31"]
[SourceVersion "1"]
[SourceVersionDate "2022.05.31"]
[SourceQuality "1"]

1. d4 g6 2. c4 Bg7 3. Nc3 d6 4. e4 Nf6 5. Nf3 0-0 6. Be2 e5 7. 0-0 exd4 8. Nxd4 Re8 9. f3 Bd7 10. Bg5 h6 11. Be3 Nc6 12. Nxc6 Bxc6 13. Qd2 Kh7 14. Rfd1 Qe7 15. Rac1 a6 16. Bd3 Rac8 17. b4 Bd7 18. Re1 Be6 19. h3 Qd7 20. f4 c6 21. Rf1 Bxh3 22. gxh3 Qxh3 23. Rfe1 Ng4 24. Qg2 Qh4 25. Bf2 Nxf2 26. Qxf2 Qg4+ 27. Kf1 Qh3+ 28. Ke2 d5 29. Rh1 Qd7 30. Kf3 dxe4+ 31. Bxe4 Qe7 32. Qc5 Qf6 33. Ne2 Qe6 34. Ng3 Bf8 35. Qg5 f5 36. Bxf5 Qe3+ 37. Kg4 gxf5+ 38. Qxf5+ Kh8 39. Qf6+ Bg7 40. Rxh6+ Kg8 41. Rg6 Qe7 42. Qxe7 Rxe7 43. Nf5 Rd7 44. Nxg7 Rxg7 45. Rxg7+ Kxg7 46. Rd1 Rc7 47. Kf5 Rf7+ 48. Ke5 Re7+ 49. Kd6 Re4 50. Kc5 Re7 51. Rd8 Rf7 52. Rd4 Kf6 53. a4 Ke6 54. Kb6 Kf5 55. b5 cxb5 56. axb5 axb5 57. cxb5 Ke6 58. Rc4 Kd6 59. Rc2 Rxf4 60. Rd2+ Ke7 61. Kxb7 Rb4 62. b6 Rb1 63. Kc7 Rc1+ 64. Kb8 Rb1 65. b7 Ke8 66. Ra2 Kd7 67. Ka7 1-0

[Event "Managua Hurtado Memorial op"]
[Site "Managua"]
[Date "2021.12.30"]
[Round "8"]
[White "Pilarte, Mario"]
[Black "Obregon Amador, Jose Francisco"]
[Result "0-1"]
[WhiteElo "1808"]
[BlackElo "1753"]
[PlyCount "96"]
[EventDate "2021.12.26"]
[EventType "swiss"]
[EventRounds "9"]
[EventCountry "NCA"]
[SourceTitle "CBM 206 Extra"]
[Source "ChessBase"]
[SourceDate "2022.03.31"]
[SourceVersion "1"]
[SourceVersionDate "2022.03.31"]
[SourceQuality "1"]

1. e4 c6 2. Nf3 d5 3. Nc3 Bg4 4. h3 Bxf3 5. Qxf3 e6 6. exd5 cxd5 7. Bb5+ Nc6 8. 0-0 Nf6 9. Re1 Be7 10. d4 0-0 11. Bg5 a6 12. Bd3 Qb6 13. Rad1 Rac8 14. Na4 Qa5 15. Nc3 Bb4 16. Bd2 Qb6 17. Na4 Qa5 18. Bxb4 Qxb4 19. b3 b5 20. Nb2 Qa3 21. Rb1 Qxa2 22. g4 Qa5 23. g5 Ne4 24. Qg2 Qd2 25. Rbd1 Qc3 26. Bxe4 dxe4 27. Rb1 Qxc2 28. Qxe4 Qxb3 29. Re3 Qb4 30. Nd1 Qd2 31. Qd3 Qxd3 32. Rxd3 Rfd8 33. Ra1 Nb8 34. Nc3 b4 35. Ne4 Rc6 36. Nc5 Rdd6 37. Nb3 Nd7 38. f4 Rc3 39. Rxc3 bxc3 40. Nc5 Nxc5 41. dxc5 Rc6 42. Kf2 c2 43. Rc1 Rxc5 44. Ke2 e5 45. fxe5 Rxe5+ 46. Kd2 Rxg5 47. Rxc2 Rg2+ 48. Kd3 Rxc2 0-1

[Event "NCA-ch op"]
[Site "Managua"]
[Date "2021.08.29"]
[Round "3"]
[White "Mayorga Bohorquez, David Antonio"]
[Black "Pilarte, Mario"]
[Result "0-1"]
[WhiteElo "1569"]
[BlackElo "1811"]
[PlyCount "102"]
[EventDate "2021.08.28"]
[EventType "swiss"]
[EventRounds "9"]
[EventCountry "NCA"]
[SourceTitle "EXT 2023"]
[Source "ChessBase"]
[SourceDate "2022.10.05"]
[SourceVersion "1"]
[SourceVersionDate "2022.10.05"]
[SourceQuality "1"]

1. e4 c5 2. Bc4 Nf6 3. d3 g6 4. c3 Bg7 5. Nd2 0-0 6. a3 d6 7. h3 Nc6 8. Bb3 b6 9. Ngf3 Bb7 10. Bc2 Rc8 11. Nf1 Qc7 12. Bd2 Kh8 13. Qc1 c4 14. d4 e5 15. d5 Na5 16. Ne3 Nb3 17. Qd1 Nxa1 18. Qxa1 Nxe4 19. Bxe4 f5 20. Bc2 e4 21. Ng5 f4 22. Ne6 Qe7 23. Nxf8 fxe3 24. Nxg6+ hxg6 25. Bxe3 Bxd5 26. Qd1 Bf7 27. Qg4 Re8 28. 0-0 d5 29. Ba4 b5 30. Bc2 a5 31. Bg5 Qe6 32. Qh4+ Kg8 33. Bd1 b4 34. Bg4 Qc6 35. Qg3 bxc3 36. bxc3 Qc5 37. Bd7 Re5 38. a4 Rxg5 39. Qxg5 Bxc3 40. h4 Qd6 41. Qg4 Qe5 42. Qh3 Bd2 43. Qa3 c3 44. Qc5 Qf4 45. g3 Qf3 46. Rb1 e3 47. Rb8+ Kh7 48. Qf8 Qxf2+ 49. Kh1 Qf6 50. Be6 e2 51. Bxf7 e1Q+ 0-1

[Event "Managua Gomez Argenal Memorial 19th"]
[Site "Managua"]
[Date "2019.06.16"]
[Round "8"]
[White "Pilarte, Mario"]
[Black "Pichardo, Carlos"]
[Result "1/2-1/2"]
[WhiteElo "1828"]
[BlackElo "1620"]
[PlyCount "68"]
[EventDate "2019.06.16"]
[EventType "swiss"]
[EventRounds "9"]
[EventCountry "NCA"]
[SourceTitle "EXT 2020"]
[Source "ChessBase"]
[SourceDate "2019.10.17"]
[SourceVersion "1"]
[SourceVersionDate "2019.10.17"]
[SourceQuality "1"]

1. e4 d5 2. exd5 Qxd5 3. Nc3 Qa5 4. Nf3 c6 5. Bc4 Bf5 6. 0-0 Nf6 7. d4 e6 8. Re1 Be7 9. Bf4 0-0 10. Qe2 Re8 11. Rad1 Nd5 12. Bd2 Bxc2 13. Rc1 Bg6 14. Ne5 Nd7 15. Nxg6 hxg6 16. g3 N7f6 17. h4 b5 18. Bb3 a6 19. Kg2 Rac8 20. Rh1 c5 21. dxc5 Bxc5 22. Bg5 Qb6 23. Nb1 Qb7 24. Qf3 Be7 25. Rcd1 Red8 26. Nd2 Qa8 27. Kh2 Nb4 28. Qe2 Nbd5 29. Nf3 Qa7 30. Ne5 Bc5 31. Kg2 Qa8 32. Kh2 Qa7 33. Kg2 Bd4 34. Nf3 Bc5 1/2-1/2

[Event "Managua Gomez Argenal Memorial 19th"]
[Site "Managua"]
[Date "2019.06.02"]
[Round "3"]
[White "Allen Montes, Charles Mijail"]
[Black "Pilarte, Mario"]
[Result "0-1"]
[WhiteElo "1419"]
[BlackElo "1828"]
[PlyCount "96"]
[EventDate "2019.06.16"]
[EventType "swiss"]
[EventRounds "9"]
[EventCountry "NCA"]
[SourceTitle "EXT 2020"]
[Source "ChessBase"]
[SourceDate "2019.10.17"]
[SourceVersion "1"]
[SourceVersionDate "2019.10.17"]
[SourceQuality "1"]

1. e4 c5 2. Nf3 Nc6 3. d4 cxd4 4. Nxd4 e5 5. Nb5 d6 6. Bc4 Nf6 7. N5c3 Be7 8. 0-0 0-0 9. f3 h6 10. Be3 a6 11. a3 b5 12. Ba2 Bd7 13. Nd5 Nxd5 14. Bxd5 Rc8 15. Nc3 Na5 16. Kh1 Nc4 17. Bc1 Re8 18. Ne2 Qb6 19. Qd3 Qc7 20. c3 Nb6 21. Ba2 Bf8 22. Rd1 Be6 23. Bxe6 Rxe6 24. Be3 Rd8 25. Bxb6 Qxb6 26. Rd2 Be7 27. Ng3 Bg5 28. Re2 Qc5 29. Rd1 Re7 30. Qd5 Qb6 31. Qb3 Rc7 32. Rd5 Rc5 33. Qd1 Rxd5 34. Qxd5 Qc5 35. Re1 Qxd5 36. exd5 g6 37. Ne4 Be7 38. Re3 f5 39. Nf2 Bg5 40. Rd3 Bc1 41. Nd1 Re8 42. Kg1 e4 43. fxe4 fxe4 44. Rg3 e3 45. Nxe3 Bxe3+ 46. Kf1 Kg7 47. b3 Bc1 48. a4 Re3 0-1

[Event "Managua Gomez Argenal Memorial 19th"]
[Site "Managua"]
[Date "2019.06.01"]
[Round "1"]
[White "Mendoza Lainez, Ricardo Jose"]
[Black "Pilarte, Mario"]
[Result "0-1"]
[WhiteElo "1206"]
[BlackElo "1828"]
[PlyCount "48"]
[EventDate "2019.06.16"]
[EventType "swiss"]
[EventRounds "9"]
[EventCountry "NCA"]
[SourceTitle "EXT 2020"]
[Source "ChessBase"]
[SourceDate "2019.10.17"]
[SourceVersion "1"]
[SourceVersionDate "2019.10.17"]
[SourceQuality "1"]

1. e4 c5 2. Nc3 Nc6 3. Bc4 d6 4. f4 e6 5. Nf3 Nge7 6. d3 g6 7. Be3 Bg7 8. Qe2 0-0 9. 0-0 d5 10. exd5 exd5 11. Bb3 d4 12. Bd2 dxc3 13. Bxc3 Nd4 14. Nxd4 cxd4 15. Bxd4 Qxd4+ 16. Rf2 Qxb2 17. Raf1 Nc6 18. f5 Nd4 19. Qd1 Nxb3 20. cxb3 Qd4 21. fxg6 fxg6 22. Qd2 Be6 23. Kh1 Rxf2 24. Rxf2 Qa1+ 0-1

[Event "NCA-ch"]
[Site "Managua"]
[Date "2019.03.16"]
[Round "8"]
[White "Pilarte, Mario"]
[Black "Velasquez, Rommel"]
[Result "1/2-1/2"]
[WhiteElo "1862"]
[BlackElo "2011"]
[PlyCount "76"]
[EventDate "2019.03.02"]
[EventType "tourn"]
[EventRounds "11"]
[EventCountry "NCA"]
[SourceTitle "EXT 2020"]
[Source "ChessBase"]
[SourceDate "2019.10.17"]
[SourceVersion "1"]
[SourceVersionDate "2019.10.17"]
[SourceQuality "1"]

1. e4 c5 2. Nf3 d6 3. d4 cxd4 4. Nxd4 Nf6 5. Nc3 g6 6. Be3 Bg7 7. Bc4 Nc6 8. Nxc6 bxc6 9. Bb3 0-0 10. h3 Be6 11. 0-0 d5 12. e5 Ne4 13. Nxe4 dxe4 14. Bd4 Bxb3 15. axb3 Qc7 16. Qe2 Bxe5 17. Qxe4 Bxd4 18. Qxd4 Rfd8 19. Qc3 Rd7 20. Ra6 c5 21. Ra5 Rc8 22. Re1 e6 23. Ra4 Qc6 24. Rc4 Qd5 25. b4 Rdc7 26. Re5 Qd1+ 27. Kh2 cxb4 28. Rxc7 bxc3 29. Rxc8+ Kg7 30. Rxc3 Qd6 31. f4 f6 32. Re4 g5 33. Rce3 Kg6 34. Rxe6 Qxf4+ 35. Kg1 a5 36. b3 Qd4 37. Kh2 Qf4+ 38. Kg1 Qd4 1/2-1/2

[Event "NCA-ch"]
[Site "Managua"]
[Date "2019.03.03"]
[Round "2"]
[White "Pilarte, Mario"]
[Black "Arevalo Lopez, Josue"]
[Result "0-1"]
[WhiteElo "1862"]
[BlackElo "1994"]
[PlyCount "60"]
[EventDate "2019.03.02"]
[EventType "tourn"]
[EventRounds "11"]
[EventCountry "NCA"]
[SourceTitle "EXT 2020"]
[Source "ChessBase"]
[SourceDate "2019.10.17"]
[SourceVersion "1"]
[SourceVersionDate "2019.10.17"]
[SourceQuality "1"]

1. e4 e6 2. d4 d5 3. exd5 exd5 4. Nf3 Bd6 5. Bd3 Nc6 6. 0-0 Nge7 7. Re1 Bg4 8. c3 Qd7 9. Be3 0-0 10. Nbd2 Ng6 11. Qc2 Nce7 12. Ne5 Bxe5 13. dxe5 Bf5 14. f4 b6 15. b4 d4 16. cxd4 Nxf4 17. Bxf5 Nxf5 18. Bxf4 Qxd4+ 19. Kh1 Qxf4 20. Rf1 Ne3 21. Rxf4 Nxc2 22. Rc1 Ne3 23. Rd4 Rfd8 24. Rxd8+ Rxd8 25. Rxc7 h6 26. Nf3 Rd1+ 27. Ng1 a5 28. bxa5 bxa5 29. h3 Rd2 30. g3 Nf1 0-1

[Event "NCA-ch sf"]
[Site "Managua"]
[Date "2019.02.24"]
[Round "8"]
[White "Pilarte, Mario"]
[Black "Diego Martinez, Humberto Jose"]
[Result "1/2-1/2"]
[WhiteElo "1842"]
[BlackElo "2029"]
[PlyCount "60"]
[EventDate "2019.02.09"]
[EventType "tourn"]
[EventRounds "9"]
[EventCountry "NCA"]
[SourceTitle "CBM 190 Extra"]
[Source "ChessBase"]
[SourceDate "2019.07.15"]
[SourceVersion "1"]
[SourceVersionDate "2019.07.15"]
[SourceQuality "1"]

1. e4 c5 2. Nf3 Nc6 3. d4 cxd4 4. Nxd4 g6 5. Nxc6 bxc6 6. Bc4 Bg7 7. 0-0 d6 8. Nc3 Nf6 9. h3 0-0 10. Be3 Nxe4 11. Nxe4 d5 12. Bd3 dxe4 13. Bxe4 Qc7 14. c3 Rb8 15. Qc2 Be6 16. f4 f5 17. Bf3 Bf7 18. Qf2 a5 19. Rfd1 e5 20. Bc5 Rfd8 21. Rxd8+ Qxd8 22. Rd1 Qe8 23. fxe5 Bxa2 24. Bd6 Rc8 25. Qc5 Bb3 26. Rd4 a4 27. Rb4 g5 28. Rb7 Kh8 29. Qa7 Qg6 30. Rb8 Rg8 1/2-1/2